00526nam a2200169 b 450000500170000000800410001702000180005804000140007604100150009008200180010510000170012324500580014026000610019830000460025952100100030571000410031520231010123522.0220714s9999 xx 000 0 und d a9781840786095 aOCLCcRDA 2EaEnglish a004.1675 PROV aProvan, Drew 0aiPad in easy steps for iPad2-5 (iPad Air) & iPad Mini aLeamington Spa, United Kingdom:bIn easy steps,c©2013. a240 Pages:bIllustrations, Colour,c23 cm aAdult aThe forest stewardship council (FSC)